00617nam a2200181Ia 4500008004100000020001500041041001200056082001600068100001500084245007600099260003700175300000800212650001500220700001900235942000700254999001500261952015900276221030s9999 xx 000 0 und d a007113951P aEnglish a105.23bBee aF. P. Beer 0aVector Mechanics for Engineers : Staticscby F. P. Beer, E. R. Johnston bMcGraw-Hill PubaNew Delhic1992 a117 aMechanical aE. R. Johnston cBK c8311d8311 pBE 6611g17.95l0o105.23 Beer2024-06-13 00:00:00w2022-10-30yBK003Print4071aMIETLIBbMIETLIBcBL-Second, FL-1, CUP-1, SH-1, R-1d2003-04-0810HBE